000 00653cab a2200217 4500
001 WB2648-21
008 090401t1990 xxu||||| |||| 00| 0 eng d
035 _a(Sirsi) u40838
041 _aeng
245 _aTrading down in house ownership
260 _c1990
350 _a0
490 _aOPCS Press Notice
_v(43/90) 28 November 1990 (2)
520 _aStudies on homeowners who have moved to less expensive property reveal that between 1983 and 1988, one million people in England, had traded down.
650 _aHOME OWNERSHIP
650 _aHOUSE PURCHASE
650 _aSTATISTICS
690 _aHOUSING
942 _n0
948 _c04/03/1997
999 _c26177
_d26177